| 000 | 00468 a2200169 4500 | ||
|---|---|---|---|
| 003 | OSt | ||
| 005 | 20231220120856.0 | ||
| 008 | 231220b |||||||| |||| 00| 0 eng d | ||
| 020 | _a8170554934 | ||
| 040 | _coclc | ||
| 082 |
_a891.433 _bKAN/P |
||
| 100 |
_aKannan, Lakshmi _910184 |
||
| 245 |
_aPARTAIN / _cLakshmi Kannan |
||
| 260 |
_aNew Delhi: _bVani Prakashan, _c1996. |
||
| 300 | _a187p | ||
| 942 |
_2ddc _cBK _h891.433 _iKAN/P _k891.433 _mKAN/P |
||
| 999 |
_c43505 _d43505 |
||